| 000 | 00302nam a2200133 i 4500 | ||
|---|---|---|---|
| 001 | bg | ||
| 100 | 1 | _aTIMKO, I. A. | |
| 245 | 0 |
_aTeoretičeskaja mechanika / _cI.A. Timko. |
|
| 260 |
_aCharków, _c1967. |
||
| 040 | _cBPK | ||
| 041 | _apol | ||
| 942 | _cKS | ||
| 008 | s pl f |000 0 pol | ||
| 999 |
_c12747 _d12747 |
||
| 856 |
_uhttp://koha.tu.koszalin.pl/cgi-bin/koha/opac-detail.pl?biblionumber=12747 _yKatalog online BPK |
||